Návrh koncepcie miešacieho zariadenia ako nadstavby komunálneho vozidla s výkonom 80 kW
Salvato in:
| Autore principale: | |
|---|---|
| Altri autori: | |
| Natura: | Manoscritto Libro |
| Lingua: | slovacco |
| Pubblicazione: |
2015
|
| Soggetti: | |
| Accesso online: | http://is.stuba.sk/zp/portal_zp.pl?podrobnosti=112951 |
| Tags: |
Nessun Tag, puoi essere il primo ad aggiungerne!!
|
MARC
| LEADER | 00000ntm a22000003a 4500 | ||
|---|---|---|---|
| 001 | stuzp52443 | ||
| 003 | SK-STU | ||
| 005 | 20160719154155.6 | ||
| 007 | ta | ||
| 008 | 150427s2015----xo-----f-mn---000-0-slo-d | ||
| 040 | |a STU |b slo | ||
| 041 | 0 | |a slo | |
| 100 | 1 | |a Štefanec, Jaroslav |u 020030 |4 aut |U SjF Strojnícka fakulta |T SjF Ústav dopravnej techniky a konštruovania |X 44449 |U J0030 |Y 806 |7 A000044449 | |
| 242 | 0 | 1 | |a Conceptual design of mixing device as an superstructure of municipal vehicles with 80 kW. |y eng |
| 245 | 1 | 0 | |a Návrh koncepcie miešacieho zariadenia ako nadstavby komunálneho vozidla s výkonom 80 kW |
| 260 | |c 2015 | ||
| 650 | 4 | |a nadstavba |2 slo | |
| 650 | 4 | |a bubon |2 slo | |
| 650 | 4 | |a nakladacia lopata |2 slo | |
| 650 | 4 | |a domiešavaš |2 slo | |
| 650 | 4 | |a concrete mixer |2 eng | |
| 650 | 4 | |a superstructure |2 eng | |
| 650 | 4 | |a drum |2 eng | |
| 650 | 4 | |a loading showel |2 eng | |
| 700 | 1 | |a Izrael, Gregor |4 ths |X 28207 |7 A000028207 | |
| 856 | 4 | |u http://is.stuba.sk/zp/portal_zp.pl?podrobnosti=112951 | |
| SQL | |a stuzp52443 |b DDP |c SLO |d Návrh koncepcie miešacieho zariadenia ako nadstavby komunálneho vozidla s výkonom 80 kW |e 44449 |f Štefanec, Jaroslav |g 020030 |h 28207 |i Izrael, Gregor |j 20150618 |k 59 |l 02 |m http://is.stuba.sk/zp/portal_zp.pl?podrobnosti=112951 |n I-SZSU |o 5.2.3. dopravné stroje a zariadenia | ||